Vater des Vaterlandes - Hl. Ulrich von Augsburg
| Main Author: | |
|---|---|
| Format: | Print Article |
| Language: | German |
| Check availability: | HBZ Gateway |
| Interlibrary Loan: | Interlibrary Loan for the Fachinformationsdienste (Specialized Information Services in Germany) |
| Published: |
2017
|
| In: |
Theologisches
Year: 2017, Volume: 47, Issue: 7/8, Pages: 381-386 |
| Standardized Subjects / Keyword chains: | B
Ulrich, Augsburg, Bischof, Heiliger 890-973
|
MARC
| LEADER | 00000caa a22000002c 4500 | ||
|---|---|---|---|
| 001 | 1642280119 | ||
| 003 | DE-627 | ||
| 005 | 20190107075226.0 | ||
| 007 | tu | ||
| 008 | 180405s2017 gw ||||| 00| ||ger c | ||
| 035 | |a (DE-627)1642280119 | ||
| 035 | |a (DE-576)501712836 | ||
| 035 | |a (DE-599)HBZHT019427366 | ||
| 035 | |a (DE-605)HT019427366 | ||
| 040 | |a DE-627 |b ger |c DE-627 |e rakwb | ||
| 041 | |a ger | ||
| 044 | |c XA-DE | ||
| 084 | |a 1 |2 ssgn | ||
| 100 | 1 | |0 (DE-588)123442109 |0 (DE-627)706301285 |0 (DE-576)293710880 |4 aut |a Büning, Markus |d 1966- | |
| 109 | |a Büning, Markus 1966- |a Büning, Markus B. 1966- | ||
| 245 | 1 | 0 | |a Vater des Vaterlandes - Hl. Ulrich von Augsburg |c Markus Büning |
| 264 | 1 | |c 2017 | |
| 336 | |a Text |b txt |2 rdacontent | ||
| 337 | |a ohne Hilfsmittel zu benutzen |b n |2 rdamedia | ||
| 338 | |a Band |b nc |2 rdacarrier | ||
| 601 | |a Vaterland | ||
| 601 | |a Augsburg | ||
| 689 | 0 | 0 | |d p |0 (DE-588)118625284 |0 (DE-627)079413668 |0 (DE-576)209140313 |2 gnd |a Ulrich |c Augsburg, Bischof, Heiliger |d 890-973 |
| 689 | 0 | |5 (DE-627) | |
| 773 | 0 | 8 | |i In |t Theologisches |d Bonn : Verl. Nova & Vetera, 1970 |g 47(2017), 7/8, Seite 381-386 |w (DE-627)166919292 |w (DE-600)347869-5 |w (DE-576)015362728 |x 1612-6165 |7 nnas |
| 773 | 1 | 8 | |g volume:47 |g year:2017 |g number:7/8 |g pages:381-386 |
| 935 | |a mteo | ||
| 951 | |a AR | ||
| ELC | |b 1 | ||
| ITA | |a 1 |t 1 | ||
| LOK | |0 000 xxxxxcx a22 zn 4500 | ||
| LOK | |0 001 3306140260 | ||
| LOK | |0 003 DE-627 | ||
| LOK | |0 004 1642280119 | ||
| LOK | |0 005 20190104082632 | ||
| LOK | |0 008 181220||||||||||||||||ger||||||| | ||
| LOK | |0 040 |a DE-Tue135 |c DE-627 |d DE-Tue135 | ||
| LOK | |0 852 |a DE-Tue135 | ||
| LOK | |0 852 1 |m n |9 00 | ||
| LOK | |0 935 |a kn28 | ||
| LOK | |0 938 |k n | ||
| LOK | |0 939 |a 20-12-18 |b l01 | ||
| ORI | |a SA-MARC-ixtheoa001.raw | ||
| SYG | 0 | 0 | |a Ulrich,von Augsburg, Bischof, Heiliger,890-973,Udalricus,Augustanus,890-973,Ulrich,I.,von Augsburg, Bischof, Heiliger,890-973,Udalrich,von Augsburg,890-973,Ulrich,Heiliger,890-973,Ulrich,Augsburg, Bischof,890-973,Ulrich,Saint,890-973,Udalricus,Sanctus,890-973,Ulricus,Augustanus,890-973,Ulricus,von Augsburg,890-973,Hulrich,von Augsburg,890-973,Huldericus,Augustanus,890-973,Huldricus,Augustanus,890-973,Augustanus, Udalricus,890-973,Ulricus,Sanctus,890-973,Pseudo-Udalricus,890-973,Udalrich,Augsburg, Bischof,890-973,Odalricus,Sanctus,890-973,Ulric,Saint, Bishop of Augsburg,890-973,Ulrich,Bischof von Augsburg,890-973,Ulrich von Augsburg,Bischof, Heiliger, Deutschland,890-973,Ulrich von Augsburg,Evêque, Saint, Allemagne,890-973,Ulrich von Augsburg,Bishop, Saint, Germany,890-973 |